<?xml version="1.0" encoding="UTF-8"?>
<record
    xmlns:xsi="http://www.w3.org/2001/XMLSchema-instance"
    xsi:schemaLocation="http://www.loc.gov/MARC21/slim http://www.loc.gov/standards/marcxml/schema/MARC21slim.xsd"
    xmlns="http://www.loc.gov/MARC21/slim">

  <leader>00790cam a2200229 a 4500</leader>
  <controlfield tag="001">sa 67002145 </controlfield>
  <controlfield tag="003">DLC</controlfield>
  <controlfield tag="005">20260227112328.0</controlfield>
  <controlfield tag="008">890714s1966    ii af  j      000 1 beno </controlfield>
  <datafield tag="010" ind1=" " ind2=" ">
    <subfield code="a">sa 67002145 </subfield>
  </datafield>
  <datafield tag="035" ind1=" " ind2=" ">
    <subfield code="a">(OCoLC)20010295</subfield>
  </datafield>
  <datafield tag="040" ind1=" " ind2=" ">
    <subfield code="a">DLC</subfield>
    <subfield code="c">DLC</subfield>
    <subfield code="d">DLC</subfield>
  </datafield>
  <datafield tag="050" ind1="0" ind2="0">
    <subfield code="a">PZ90.B4</subfield>
    <subfield code="b">R355 1966</subfield>
    <subfield code="a">PK1718.R3145</subfield>
  </datafield>
  <datafield tag="100" ind1="1" ind2=" ">
    <subfield code="a">Ray Choudhury, Upendra Kishore,</subfield>
    <subfield code="d">1863-1915.</subfield>
  </datafield>
  <datafield tag="245" ind1="1" ind2="0">
    <subfield code="a">Paur&#x101;&#x1E47;ika k&#x101;hin&#x12B; /</subfield>
    <subfield code="c">Upendraki&#x15B;ora R&#x101;&#x1E8F;a ; ala&#xF1;kara&#x1E47;a, Upendraki&#x15B;ora R&#x101;&#x1E8F;a, Satyajit&#x332; R&#x101;&#x1E8F;a].</subfield>
  </datafield>
  <datafield tag="250" ind1=" " ind2=" ">
    <subfield code="a">1. sa&#x1E43;skara&#x1E47;a.</subfield>
  </datafield>
  <datafield tag="260" ind1=" " ind2=" ">
    <subfield code="a">Kalak&#x101;t&#x101; :</subfield>
    <subfield code="b">Niuskrip&#x1E6D;a Prak&#x101;&#x15B;aka,</subfield>
    <subfield code="c">1888 [1966]</subfield>
  </datafield>
  <datafield tag="300" ind1=" " ind2=" ">
    <subfield code="a">141 p., [2] leaves of plates :</subfield>
    <subfield code="b">ill. (some col.) ;</subfield>
    <subfield code="c">23 cm.</subfield>
  </datafield>
  <datafield tag="500" ind1=" " ind2=" ">
    <subfield code="a">Children's fiction.</subfield>
  </datafield>
  <datafield tag="546" ind1=" " ind2=" ">
    <subfield code="a">In Bengali.</subfield>
  </datafield>
  <datafield tag="700" ind1="1" ind2=" ">
    <subfield code="a">Ray, Satyajit,</subfield>
    <subfield code="d">1921-1992.</subfield>
  </datafield>
  <datafield tag="999" ind1=" " ind2=" ">
    <subfield code="c">73070</subfield>
    <subfield code="d">73070</subfield>
  </datafield>
</record>
